000 00860nam a2200241 a 4500
005 20191224042322.0
008 140120b1996 ck ||||| |||| 00| 0 spa d
040 _aCO-BoIH
_cCO-BoIH
041 _aspa
090 _aIAVH
_b0029
100 _aOrozco Jaramillo, Cielo
245 1 _aMicroorganismos benéficos asociados a especies forestales:
_bpropagación y evaluación de Boletus edulis y fijadores de nitrógeno en Pinus patula
260 _aBogotá
_bInstituto Alexander von Humboldt
_bCOLCIENCIAS
_c1996
300 _a137 paginas
650 1 4 _aMicroorganismos
650 1 4 _aEspecies forestales
650 1 4 _aPropagación artificial
650 1 4 _aFijación de nitrógeno
650 1 4 _aPinus patula
700 _aWilliamson P., Isabel
700 _aMartínez Nieto, Patricia
942 _cINFORME
_2z
999 _c19416
_d19416